Регионална библиотека "Любен Каравелов" - Русе

Хора и звезди (Запис номер 17459)

MARC детайли
000 -Лидер
Контролно поле с фиксирана дължина 01182nam a2200313 c 4500
003 - Код на организацията, давaща контролен номер
Контролно поле BLK
005 - Дата и час на последна редакция
Контролно поле 20200812150105.0
008 - Елементи от данни с фиксирана дължина
fixed length control field 180413b bul|||||r ||||||| ||bul||
010 ## - Наследен системен номер
LC control number KNG00019406000
020 ## - Международен стандартен номер на книга ISBN
Международен стандартен номер на книга ISBN 954-9559-17-3
-- издат.: Захарий Стоянов
040 ## - Източник на каталожния запис
Идентификатор на билиотеката - собственик на записа BLK
041 ## - Код за език
Код за езика на текст/звукозапис или на отделно заглавие Български
Код за езика КДБФ Български
080 ## - УДК
Текстов определител УДК Българска литература
УДК код - определител по УДК 821.163.2
УДК определител -1
УДК - код + определител 821.163.2-1
100 1# - Редна дума - Автор
Автор Геров, Александър Цветков
Авторска отговорност първи автор
R(LIN) 365150
139 ## - Редно поле
Редна дума Геров, Александър Цветков
Авторски знак Геро - Г 41
245 10 - Сведения за заглавието
Заглавие Хора и звезди
Подзаглавни данни Лирика
Редно поле (дума) Александър Цветков Геров.
257 ## - Страна на издаване
Страна на създаване/издаване България
260 ## - Област на издателските данни
-- София
Име на издателя, разпространителя и проч. Захарий Стоянов
Година на издаване 1997
300 ## - Физическа характеристика
Страници 350 с.
Размери/Мащаб 20 см
380 ## - Жанр
Жанр Худож. лит.
490 1# - СЕРИИ (Колекции)
Име на серия Съвременна българска поезия
500 ## - Общи забележки
Забележка Офс. изд. - 2 500 тир. ; 500 екз. от тир. подв.
653 ## - Ключова дума – ненормативна
Ключова дума стихотворения
852 ## - Местоположение
Форматна сигнатура Цб 194911
856 4# - Електронен адрес и достъп
Електронен формат pdf - файл
Път до файла /url/
856 4# - Електронен адрес и достъп
Електронен формат pdf - файл
Път до файла /url/
942 ## - АРТИКУЛИ
Вид на библиотечния материал Книги
Скрит в OPAC Не
Koha issues (borrowed), all copies 3
944 ## - СЪЗДАВАНЕ И РЕДАКЦИЯ на ЗАПИСА
Създаване/Редакция Създаване
Дата на регистрацията/редакция 15.01.2003
Служител, извършил регистрацията/редакцията Людмила_Стоянова
944 ## - СЪЗДАВАНЕ И РЕДАКЦИЯ на ЗАПИСА
Създаване/Редакция Редакция
Дата на регистрацията/редакция 15.02.2018
Служител, извършил регистрацията/редакцията Валя_Йорданова
999 ## - СИСТЕМНИ КОНТРОЛНИ НОМЕРА
Koha biblionumber 17459
Koha biblioitemnumber 17459
Наличности
Код за отписване Код за изгубен артикул Източник на класификационната схема Код за повреда Коз за рестрикции Код за отдаване Артикулен № Име на библиотеката - собственик Име на библиотеката, в която се намира в момента Статус (Текущо местоположение) Дата на вписване в системата Местоположение - отдел Цена в лева Инвентарен номер Систематично азбучна сигнатура Баркод Номер на екземпляра Цена в евро Служебна бележка Служебен тип на артикула
  Не е изгубен Universal Decimal Classification Не е повреден без рестрикции ползва се в читалня 29438 Регионална библиотека "Любен Каравелов" Русе Регионална библиотека "Любен Каравелов" Русе Хранилище 2001-01-01 Хранилище 0.00 636977 Цб 194911 120000636977 1 0.00 Дост: Dp Вид: Д N: стар фонд Дата: 01.01.1997 Книги
  Не е изгубен   Не е повреден без рестрикции заемане за дома 29439 Регионална библиотека "Любен Каравелов" Русе Регионална библиотека "Любен Каравелов" Русе Заемна - подръчен фонд 2003-11-04 Заемна - подръчен фонд 6.00 120000679615 П 886.7-1/Г 41 120000679615 2 3.07 Дост: Pk Вид: Ф N: 8846 Дата: 01.11.2003 Дата инв: 15.02.2018 Бележки инв: П2018 Книги
Изтеглен Не е изгубен Universal Decimal Classification Не е повреден без рестрикции заемане за дома 29440 Регионална библиотека "Любен Каравелов" Русе Регионална библиотека "Любен Каравелов" Русе Заемна - подръчен фонд 1997-01-01 Заемна - подръчен фонд 4.00 645885 П 886.7-1/Г 41 645885 3 2.05 Дост: Pk Вид: Ф N: стар фонд Дата: 01.01.1997 Книги
  Не е изгубен Universal Decimal Classification Не е повреден без рестрикции заемане за дома 29441 Регионална библиотека "Любен Каравелов" Русе Регионална библиотека "Любен Каравелов" Русе Заемна - подръчен фонд 1997-01-01 Заемна - подръчен фонд 4.00 645886 П 886.7-1/Г 41 120000645886 4 2.05 Дост: Pk Вид: Ф N: стар фонд Дата: 01.01.1997 Дата инв: 15.02.2018 Бележки инв: П2018 Книги
Vip Innovations Ltd, Rousse, Bulgaria 2025